000 00403nam a2200133Ia 4500
008 100328s9999 xx 000 0 und d
082 _b70472
100 _aगोडबोले अरुण.
245 _aसिनेमाचे दिवस.
260 _bकौशिक.
630 _aसिनेमाचे दिवस.
730 _aसिनेमाचे दिवस.
942 _cBOOK
999 _c556198
_d556195